|
|
|
|
| LEADER |
00000nam a2200000 a 4500 |
| 001 |
vtls001457670 |
| 003 |
SK-MaSNL |
| 005 |
20260301014032.0 |
| 008 |
130607s2003 xo f 0 und |
| 035 |
|
|
|a SNK000412977
|
| 040 |
|
|
|a SNK
|b slo
|c SNK
|e AACR2
|
| 044 |
|
|
|a xo
|c SK
|
| 245 |
1 |
|
|a STN P ENV ISO 1993-2 EUROKÓD 3. Navrhovanie oceľových konštrukcií
|h normatívne dokumenty
|b Časť 2: Oceľové mosty
|
| 260 |
|
|
|a Bratislava
|b Slovenský ústav technickej normalizácie
|c 2003
|
| 300 |
|
|
|a 176 s.
|
| 500 |
|
|
|a Predbežná slovenská technická norma
|
| 655 |
|
7 |
|a normy
|2 SNK
|9 70643
|
| 999 |
|
|
|c 557652
|d 559582
|
| 952 |
|
|
|a SNK
|b SNK
|y PREZ
|7 0
|p 17A0392049
|o snkSTN P ENV 1993-2 D1
|i snkN 860/2003
|0 0
|1 0
|4 0
|d 2003-07-31
|l 0
|r 2005-01-02 00:00:00
|w 2026-02-23
|
| 952 |
|
|
|t P60, <03>, [BOOK], {603}
|a SNK
|b SNK
|y PREZ
|7 0
|p 17A0392050
|o snkSTN P ENV 1993-2
|i snkN 859/2003
|0 0
|1 0
|4 0
|d 2003-07-31
|l 0
|r 2005-01-02 00:00:00
|w 2026-02-23
|